000 00547nam a2200229Ia 4500
003 OSt
005 20220928140158.0
006 a|||||r|||| 00| 0
007 ta
008 220927b |||||||| |||| 00| 0 eng d
024 _a7301
037 _cTextual
040 _aSDCL
_cSDCL
_beng
041 _2eng
_aeng
082 _aD6,8(B), L7
100 _aFlores Ivan
_9494462
245 0 _aData structure and management
250 _a2
260 _c1977
942 _hD6,8(B), L7
_cTEXL
_2CC
999 _c810386
_d810386